Kúpeľníctvo 1 prípadová štúdia
Guardado en:
| Autor principal: | |
|---|---|
| Formato: | Libro |
| Lenguaje: | eslovaco |
| Publicado: |
[Bratislava]
[2011]
|
| Materias: | |
| Etiquetas: |
Sin Etiquetas, Sea el primero en etiquetar este registro!
|
MARC
| LEADER | 00000nam$a2200000$$$4500 | ||
|---|---|---|---|
| 001 | 0128643 | ||
| 005 | 20240502072456.1 | ||
| 041 | 0 | |a slo | |
| 044 | |a SK | ||
| 245 | 1 | 0 | |a Kúpeľníctvo 1 |b prípadová štúdia |c Viera Kubičková |
| 264 | 1 | |a [Bratislava] |c [2011] | |
| 500 | |a Výstup z projektu Modernizácia učebných osnov na SOU SD Jednota | ||
| 610 | 2 | 0 | |a kúpeľníctvo |
| 610 | 2 | 0 | |a kúpele |
| 610 | 2 | 0 | |a ruch cestovný kúpeľný |
| 610 | 2 | 0 | |a vzdelanie odborné |
| 610 | 2 | 0 | |a učilištia odborné stredné |
| 100 | 1 | |a Kubičková, Viera, 1970- | |